|
|
|
|
| LEADER |
00675cam a2200205 7i4500 |
| 001 |
0000043825 |
| 005 |
20140623090000.0 |
| 020 |
# |
0 |
|a 3540211381
|
| 090 |
0 |
0 |
|a HB 135
|b S3
|
| 100 |
1 |
# |
|a Schofield, Norman
|
| 245 |
1 |
0 |
|a Mathematical methods in economics and social choice
|c Norman Schofield.
|
| 260 |
# |
# |
|a New York:
|b Springer,
|c 2004.
|
| 300 |
# |
# |
|a 299 p..
|
| 490 |
0 |
0 |
|a Studies in economic theory;
|v v.17.
|
| 500 |
# |
# |
|a With 85 figures
|
| 504 |
0 |
0 |
|a Includes bibliographical references and indexes.
|
| 590 |
# |
# |
|a Pusat Pengajian Informatik dan Matematik Gunaan
|
| 650 |
0 |
0 |
|a Social choice
|
| 650 |
0 |
0 |
|a Economics, Mathematical
|
| 999 |
|
|
|a 1100034378
|b Book
|c Open Shelf
|e KOLEKSI TERBUKA
|